| 000 | 00576nam a2200181 4500 | ||
|---|---|---|---|
| 999 |
_c195928 _d195928 |
||
| 005 | 20230510161019.0 | ||
| 010 | _aENG-136832 | ||
| 020 |
_a9788183249485 _c600.00 |
||
| 035 | _aEN-120364 | ||
| 037 | _bDBAD/PUB | ||
| 082 | _a294.544 | ||
| 100 | _aPatra, Debesh C | ||
| 245 |
_aLife Love And Lift: _bThe Anukul Way/ _c By Debesh C Patra |
||
| 260 |
_aNew Delhi _bMittal Publications _c2020 |
||
| 270 |
_a4594/9, Daryaganj _bNew Delhi _e110002 _minfo@mittalbooks.com _k23250398 _l91-11-41564398 |
||
| 300 |
_a168p _c22cm(hbk) |
||
| 942 |
_2ddc _cEN _mPAT _h294.544 |
||